Guess the European country by their 10th largest city (extreme) - Statistics

General Stats
  • This quiz has been taken 104 times
  • The average score is 24 of 42
Answer Stats
City Country % Correct
Lille France
96%
Essen Germany
96%
Leicester United Kingdom
96%
Bilbao Spain
94%
Haarlem Netherlands
89%
Ufa Russia
80%
Leuven Belgium
78%
Jönköping Sweden
77%
Catania Italy
76%
Sauðárkrókur Iceland
74%
Białystok Poland
74%
Mykolaïv Ukraine
72%
Fredrikstad Norway
71%
Roskilde Denmark
69%
Schellenberg Liechtenstein
64%
Jēkabpils Latvia
62%
Agualva-Cacém Portugal
60%
Szombathely Hungary
59%
Pinsk Belarus
58%
Biel Switzerland
56%
Bray Ireland
54%
Dornbirn Austria
53%
Kraljevo Serbia
53%
Pardubice Czechia
51%
Sillamäe Estonia
49%
Varaždin Croatia
46%
Chalkís Greece
46%
Trbovlje Slovenia
46%
Ulcinj Montenegro
43%
Oradea Romania
43%
Strumica North Macedonia
42%
Poprad Slovakia
42%
Pori Finland
38%
Doboj Bosnia and Herzegovina
37%
Żebbuġ Malta
37%
Pogradec Albania
33%
Pernik Bulgaria
33%
Rahovec Kosovo
33%
Käerjeng Luxembourg
33%
Arinsal Andorra
31%
Utena Lithuania
31%
Orhei Moldova
30%
No matching quizzes found
Score Distribution
Percent of People with Each Score
Percentile by Number Answered
Your Score History
You have not taken this quiz